Ground water reservoirs near Aberdeen, South Dakota. (Record no. 28994)

MARC details
000 -LEADER
fixed length control field 00888cam a22002411 4500
001 - CONTROL NUMBER
control field gs 55000302
003 - CONTROL NUMBER IDENTIFIER
control field DLC
005 - DATE AND TIME OF LATEST TRANSACTION
control field 20260227111403.0
008 - FIXED-LENGTH DATA ELEMENTS--GENERAL INFORMATION
fixed length control field 781005s1955 sduab 000 0 eng c
010 ## - LIBRARY OF CONGRESS CONTROL NUMBER
LC control number gs 55000302
035 ## - SYSTEM CONTROL NUMBER
System control number (OCoLC)4265193
040 ## - CATALOGING SOURCE
Original cataloging agency U.S. Geol. Survey. Libr.
Transcribing agency UU
Modifying agency OCoLC
-- DLC
-- WaU
050 00 - LIBRARY OF CONGRESS CALL NUMBER
Classification number GB1025.S8
Item number R615
082 ## - DEWEY DECIMAL CLASSIFICATION NUMBER
Classification number 551.49
100 1# - MAIN ENTRY--PERSONAL NAME
Personal name Rothrock, E. P.
Fuller form of name (Edgar Paul),
Dates associated with a name 1889-1977.
245 10 - TITLE STATEMENT
Title Ground water reservoirs near Aberdeen, South Dakota.
260 ## - PUBLICATION, DISTRIBUTION, ETC.
Place of publication, distribution, etc. Vermillion,
Name of publisher, distributor, etc. University of South Dakota,
Date of publication, distribution, etc. 1955.
300 ## - PHYSICAL DESCRIPTION
Extent ii, 47 p.
Other physical details maps (1 fold. in pocket) diagrs.
Dimensions 28 cm.
490 1# - SERIES STATEMENT
Series statement South Dakota Geological Survey. Report of investigations
Volume/sequential designation no. 78
650 #0 - SUBJECT ADDED ENTRY--TOPICAL TERM
Topical term or geographic name entry element Water-supply
Geographic subdivision South Dakota
-- Aberdeen.
650 #0 - SUBJECT ADDED ENTRY--TOPICAL TERM
Topical term or geographic name entry element Groundwater
Geographic subdivision South Dakota
-- Aberdeen.
830 #0 - SERIES ADDED ENTRY--UNIFORM TITLE
Uniform title Report of investigations (South Dakota Geological Survey) ;
Volume/sequential designation no. 78.

No items available.

Powered by Koha